000 00695nam a2200241Ia 4500
003 OSt
005 20220925215411.0
006 a|||||r|||| 00| 0
007 ta
008 220923b |||||||| |||| 00| 0 eng d
037 _cGeneral Book
040 _aRTL
_cRTL
_beng
041 _2eng
_aeng
082 _aX:9-75:(B28), L0
100 _aSmith A. R. Ed.
_9280634
245 0 _aSome statistical techniques in manpower planning
260 _aLondon
_bHMSO UK
_c1970
300 _a43p. Bib p 42
_ccm.
490 _aCAS, Occasinal Paper. 15
650 _aLabour Economics
_921364
942 _hX:9-75:(B28), L0
_cGB
_2CC
999 _c568709
_d568709